Landlords' brokerage rights (Record no. 69851)

MARC details
000 -LEADER
fixed length control field 00817cam a2200193 4500
001 - CONTROL NUMBER
control field WB3812-19
008 - FIXED-LENGTH DATA ELEMENTS--GENERAL INFORMATION
fixed length control field 020327n2002 000 0 eng u
035 ## - SYSTEM CONTROL NUMBER
System control number (Sirsi) u117256
245 ## - TITLE STATEMENT
Title Landlords' brokerage rights
260 ## - PUBLICATION, DISTRIBUTION, ETC.
Date of publication, distribution, etc. 2002
490 ## - SERIES STATEMENT
Series statement Estates Gazette
Volume/sequential designation (0212) 23 March 2002, 30(1)
520 ## - SUMMARY, ETC.
Summary, etc. Property companies and agents may lose the right to act as insurance brokers. The Financial Services Authority is to regulate the industry as new European legislation covering insurance mediation is introduced. Many property companies can earn between 12% and 15% on the value of their premiums they negotiate for their clients.
590 ## - LOCAL NOTE (RLIN)
Local note WB
650 ## - SUBJECT ADDED ENTRY--TOPICAL TERM
Topical term or geographic name entry element PROPERTY COMPANY
650 ## - SUBJECT ADDED ENTRY--TOPICAL TERM
Topical term or geographic name entry element FINANCIAL SERVICES AUTHORITY
650 ## - SUBJECT ADDED ENTRY--TOPICAL TERM
Topical term or geographic name entry element EUROPEAN LEGISLATION
690 ## - LOCAL SUBJECT ADDED ENTRY--TOPICAL TERM (OCLC, RLIN)
Topical term or geographic name as entry element Insurance
9 (RLIN) 6249
942 ## - ADDED ENTRY ELEMENTS (KOHA)
Suppress in OPAC 0
Holdings
Withdrawn status Lost status Source of classification or shelving scheme Damaged status Not for loan Home library Current library Shelving location Date acquired Total Checkouts Full call number Barcode Date last seen Copy number Price effective from Koha item type
    Dewey Decimal Classification     London London News article 27/03/2002   WB3812-19 117256-1001 06/08/2019 1 06/08/2019 News article